مشكلات القراءة من الطفولة إلى المراهقة : (رقم التسجيلة. 95855)

تفاصيل مارك
000 -الفاتح
عناصر البيانات ثابتة الطول 00909cam a2200241 i 4500
005 - تاريخ ووقت آخر معاملة
حقل ضبط 20260204110709.0
008 - عناصر البيانات ثابتة الطول
عناصر البيانات ثابتة الطول 250721s2005 jo gr 000 0 ara d
020 ## - الترقيم الدولي المعياري للكتب (ردمك)
الترقيم الدولي المعياري للكتب (ردمك) 9957241818
082 14 - رقم تصنيف ديوي العشري
رقم التصنيف 372.4
رقم المادة م ص ط
100 1# - مدخل رئيسي – اسم شخصي
الاسم الشخصي مصطفى، رياض بدري
علاقة الشخص بالعمل/ دوره مؤلف.
245 10 - بيان العنوان
العنوان مشكلات القراءة من الطفولة إلى المراهقة :
بقية العنوان (التشخيص والعلاج) /
بيان المسؤولية الدكتور رياض بدري مصطفى.
250 ## - بيان الطبعة
بيان الطبعة الطبعة الأولى.
264 31 - بيانات النشر، التوزيع…إلخ
مكان النشر، التوزيع...إلخ عمان :
اسم الناشر، الموزع...إلخ دار صفاء للنشر والتوزيع،
تاريخ النشر، التوزيع...إلخ 2005.
300 ## - الوصف المادي
عدد الوحدات المكونة للوعاء 352 صفحة.
650 17 - مدخل إضافي بالموضوع - مصطلح موضوعي
مصطلح موضوعي أو اسم جغرافي كعنصر مدخل القراءة.
650 17 - مدخل إضافي بالموضوع - مصطلح موضوعي
مصطلح موضوعي أو اسم جغرافي كعنصر مدخل التوجيه القرائي.
650 17 - مدخل إضافي بالموضوع - مصطلح موضوعي
مصطلح موضوعي أو اسم جغرافي كعنصر مدخل تعليم القراءة.
650 17 - مدخل إضافي بالموضوع - مصطلح موضوعي
مصطلح موضوعي أو اسم جغرافي كعنصر مدخل مشكلات الطفولة.
650 17 - مدخل إضافي بالموضوع - مصطلح موضوعي
مصطلح موضوعي أو اسم جغرافي كعنصر مدخل الأطفال.
650 17 - مدخل إضافي بالموضوع - مصطلح موضوعي
مصطلح موضوعي أو اسم جغرافي كعنصر مدخل مهارات القراءة.
942 ## - بيانات إضافية (كوها)
نوع التنصيف Dewey Decimal Classification
نوع المادة (كوها) كتب
المقتنيات
حالة السحب حالة الفقدان مصدر التصنيف حالة التلف غير قابل للإعارة المكتبة الرئيسية المكتبة الحالية موقع الرف تاريخ التزويد الرقم المتسلسل Total Checkouts رقم الإستدعاء الباركود تاريخ آخر ظهور تاريخ الفاتورة نوع المادة (كوها)
    Dewey Decimal Classification     المكتبة المركزية المكتبة المركزية الإعارة 28/07/2025 877027   372.4 / م ص ط 877027 28/07/2025 28/07/2025 كتب
    Dewey Decimal Classification   Not For Loan المكتبة المركزية المكتبة المركزية مقتنيات قسم التزويد 28/07/2025 877029   372.4/ مصط 877029 28/07/2025 28/07/2025 كتب
    Dewey Decimal Classification     مكتبة أبو علندا العامة مكتبة أبو علندا العامة الإعارة 28/07/2025 877040   372.4/ مصط 877040 28/07/2025 28/07/2025 كتب
    Dewey Decimal Classification     مكتبة أم قصير والمقابلين العامة مكتبة أم قصير والمقابلين العامة الإعارة 28/07/2025 877039   372.4/ مصط 877039 28/07/2025 28/07/2025 كتب
    Dewey Decimal Classification     مكتبة الاميرة بديعة مكتبة الاميرة بديعة الإعارة 28/07/2025 877034   372.4/ مصط 877034 28/07/2025 28/07/2025 كتب
    Dewey Decimal Classification     مكتبة البراءة للأطفال مكتبة البراءة للأطفال الإعارة 28/07/2025 877030   372.4/ مصط 877030 28/07/2025 28/07/2025 كتب
    Dewey Decimal Classification     مكتبة الجويدة مكتبة الجويدة الإعارة 28/07/2025 877035   372.4/ مصط 877035 28/07/2025 28/07/2025 كتب
    Dewey Decimal Classification     مكتبة الحسن العامة مكتبة الحسن العامة الإعارة 28/07/2025 877036   372.4/ مصط 877036 28/07/2025 28/07/2025 كتب
    Dewey Decimal Classification     مكتبة النصر العامة مكتبة النصر العامة الإعارة 28/07/2025 877042   372.4/ مصط 877042 28/07/2025 28/07/2025 كتب
    Dewey Decimal Classification     مكتبة حمزة العامة مكتبة حمزة العامة الإعارة 28/07/2025 877037   372.4/ مصط 877037 28/07/2025 28/07/2025 كتب
    Dewey Decimal Classification     مكتبة صويلح العامة مكتبة صويلح العامة الإعارة 28/07/2025 877032   372.4/ مصط 877032 28/07/2025 28/07/2025 كتب
    Dewey Decimal Classification     مكتبة وادي السير العامة مكتبة وادي السير العامة الإعارة 28/07/2025 877041   372.4/ مصط 877041 28/07/2025 28/07/2025 كتب
Implemented & Customized by: BBB with SCIT (Smart Chains for Information Technology)

Powered by Koha